000 00841nam a2200229Ia 4500
003 OSt
005 20220923212147.0
006 a|||||r|||| 00| 0
007 ta
008 220922b |||||||| |||| 00| 0 hin d
024 _a151,248
037 _cTextual
040 _aARTS
_cARTS
_bhin
041 _2hin
_ahin
082 _aM97, 152G0
100 _aअरोड़ा, देवदत्त
_9156271
245 0 _aचर्म बनाने के सिद्वांत अर्थात् चमड़ा तैयार करने और समझने के तरीके
246 _aCharma banāne ke sidvāanta arthāt chamaड़ā taiyār karane aur samazane ke tarīke
260 _c1930
942 _hM97, 152G0
_cTEXL
_2CC
999 _c306921
_d306921